| 000 | 00562nam a22001817a 4500 | ||
|---|---|---|---|
| 003 | CEME | ||
| 005 | 20210628203209.0 | ||
| 008 | 210301b xxu||||| |||| 00| 0 eng d | ||
| 020 | _a92-2110166-5 | ||
| 040 | _c. | ||
| 082 | _a658.5 PRO | ||
| 100 |
_aProkopenko, Joseph, North, Klause _963916 |
||
| 245 | _aProductivity and quality management:a modular programme, productivity and quality improvement | ||
| 260 |
_aGENEVA _bINTERNATIONAL LABOUR OFFICE _c1996 |
||
| 300 | _aVOL-1 | ||
| 650 |
_aQUALITY MANAGEMENT,QUALITY IMPROVEMENT _963917 |
||
| 942 |
_cBK _2ddc |
||
| 999 |
_c572603 _d572603 |
||